Byzantinische Novellen /

Hlavní autor: Lingg, Hermann, 1820-1905
Jazyk: Němčina
Vydáno: Leipzig : Philipp Reclam jun., [do roku 1896]
Edice: Universal-Bibliothek
Fyzický popis: 112 stran
Language note: Tištěno švabachem
Knihy
Uloženo v:
LEADER 01041nam a22003017i 4500
001 001902497
003 CZ BrMZK
005 20240719112712.0
007 ta
008 240719s1896 gw er|||||||||||ger d
040 |a BOA001  |b cze  |e rda 
100 1 |a Lingg, Hermann,  |d 1820-1905  |7 kup20020000057948  |4 aut 
245 1 0 |a Byzantinische Novellen /  |c von Hermann Lingg 
264 1 |a Leipzig :  |b Philipp Reclam jun.,  |c [do roku 1896] 
300 |a 112 stran 
336 |a text  |b txt  |2 rdacontent 
337 |a bez média  |b n  |2 rdamedia 
338 |a svazek  |b nc  |2 rdacarrier 
490 1 |a Universal-Bibliothek ;  |v 3598 
505 0 0 |t Beiden Wagenlenter --  |t Bilderstreit --  |t Nikifa 
546 |a Tištěno švabachem 
830 0 |a Universal-Bibliothek 
910 |a BOA001  |b 1-0073.819,3600 
990 |a BK 
993 |a Y 
991 |b 202407 
996 6 |b 2618761050  |c 1-0073.819,3600  |l MZK  |r Sklad / do 1 hodiny  |n 0  |w 001971413  |u 000020  |a 1  |e BOA001  |j MZK50  |s P 
996 6 |b 2618761051  |c 1-0073.819,3600  |l MZK  |r Sklad / do 1 hodiny  |n 0  |w 001971413  |u 000010  |a 1  |e BOA001  |j MZK50  |s P